| Record ID | ia:journeythroughda0000ayec |
| Source | Internet Archive |
| Download MARC XML | https://archive.org/download/journeythroughda0000ayec/journeythroughda0000ayec_marc.xml |
| Download MARC binary | https://www.archive.org/download/journeythroughda0000ayec/journeythroughda0000ayec_meta.mrc |
LEADER: 00770nam 2200253Ma 4500
001 on1152220960
003 OCoLC
005 20211129080400.0
008 190703s2011 enk o 000 0 eng d
006 m o d |
007 cr |||||||||||
040 $aUKAHL$beng$cUKAHL
020 $a9781466901353$q(e-book)
020 $a1466901357
020 $z9781466901339 (pbk)
035 $a(OCoLC)1152220960
100 1 $aAye, Christina.
245 10 $aJourney Through Darkness.
260 $bTrafford Publishing$c2011.
300 $a1 online resource
856 40 $uhttp://www.vlebooks.com/vleweb/product/openreader?id=none&isbn=9781466901353
938 $aAskews and Holts Library Services$bASKH$nAH34270998
994 $aZ0$bP4A
948 $hNO HOLDINGS IN P4A - 1 OTHER HOLDINGS